header

C. Musonii Rufi reliquiae (Record no. 210091)

MARC details
000 -LEADER
fixed length control field 01291nam a2200349 a 4500
100 1# - MAIN ENTRY--AUTHOR NAME
Personal name Musonius Rufus, C.
245 10 - TITLE STATEMENT
Title C. Musonii Rufi reliquiae
260 ## - PUBLICATION, DISTRIBUTION, ETC. (IMPRINT)
Place of publication Leipzig :
Name of publisher B.G. Teubner,
Year of publication 1990.
300 ## - PHYSICAL DESCRIPTION
Number of Pages xxxvi, 148 p.
650 #0 - SUBJECT ADDED ENTRY--TOPICAL TERM
Topical Term Philosophy.
700 1# - ADDED ENTRY--PERSONAL NAME
Personal name Hense, O.
856 40 - ELECTRONIC LOCATION AND ACCESS
Uniform Resource Identifier http://site.ebrary.com/lib/rucke/Doc?id=10591392

No items available.

© 2026 Rongo University
Contact us: librarian | system librarian | Rongo university